Bhabha and his Magnificent Obsessions (Record no. 98348)

MARC details
000 -LEADER
fixed length control field 01178nam a2200253Ia 4500
003 - CONTROL NUMBER IDENTIFIER
control field OSt
005 - DATE AND TIME OF LATEST TRANSACTION
control field 20230622123512.0
008 - FIXED-LENGTH DATA ELEMENTS--GENERAL INFORMATION
fixed length control field 210210b1994 xxu||||| |||| 00| 0 eng d
020 ## - INTERNATIONAL STANDARD BOOK NUMBER
International Standard Book Number 978-8173710070
Terms of availability 81 7371 007 4
040 ## - CATALOGING SOURCE
Transcribing agency AL
041 ## - LANGUAGE CODE
Language code of text/sound track or separate title eng
082 ## - DEWEY DECIMAL CLASSIFICATION NUMBER
Classification number 530.092 VENB
100 ## - MAIN ENTRY--PERSONAL NAME
Personal name G Venkataraman
9 (RLIN) 124553
245 ## - TITLE STATEMENT
Title Bhabha and his Magnificent Obsessions
Remainder of title Vignettes in physics
260 ## - PUBLICATION, DISTRIBUTION, ETC.
Place of publication, distribution, etc. Hyderabad
Name of publisher, distributor, etc. Universities Press
Date of publication, distribution, etc. 1994
300 ## - PHYSICAL DESCRIPTION
Extent ix,209
520 ## - SUMMARY, ETC.
Summary, etc. This book is about the remarkable scientist Homi Jehangir Bhabha who, at the age of eighteen, went to Cambridge to study Physics and started his research career there. In 1939, when Bhabha came to India on a short vacation, he was forced to stay on as the Second World War broke out. This was, of course, a blessing for the country as he later steered the country’s scientific destiny. The book records Bhabha’s contributions which were in many dimensions and were not just purely scientific.
650 ## - SUBJECT ADDED ENTRY--TOPICAL TERM
Topical term or geographic name entry element Bhabha physicist
9 (RLIN) 124554
650 ## - SUBJECT ADDED ENTRY--TOPICAL TERM
Topical term or geographic name entry element Vignettes in physics
9 (RLIN) 124555
690 ## - LOCAL SUBJECT ADDED ENTRY--TOPICAL TERM (OCLC, RLIN)
Topical term or geographic name as entry element Biography
9 (RLIN) 124556
700 ## - ADDED ENTRY--PERSONAL NAME
Personal name VENKATARAMAN (G)
9 (RLIN) 124557
906 ## - LOCAL DATA ELEMENT F, LDF (RLIN)
a 049421
942 ## - ADDED ENTRY ELEMENTS (KOHA)
Source of classification or shelving scheme Dewey Decimal Classification
Koha item type Book
Holdings
Withdrawn status Lost status Damaged status Not for loan Collection code Home library Current library Shelving location Date acquired Cost, normal purchase price Total Checkouts Full call number Barcode Date last seen Price effective from Koha item type Source of classification or shelving scheme
          St Aloysius Library St Aloysius Library   02/17/2021 70.00   530.092 VENB 049421 02/17/2021 02/17/2021 Book  
        Physics St Aloysius Library St Aloysius Library   06/16/2023     530.092 VENB D05849 06/22/2023 06/22/2023 Donated Books Dewey Decimal Classification